| 000 | 01146nam a22002657a 4500 | ||
|---|---|---|---|
| 999 |
_c18963 _d18963 |
||
| 003 | AR-CdUCM | ||
| 008 | 190516b ||||| |||| 00| 0 spa d | ||
| 020 | _a968-816-020-2 | ||
| 040 |
_aMUNICIPALIDAD PROVINCIAL DEL CUSCO _cBIBLIOTECA MUNICIPAL DEL CUSCO |
||
| 082 |
_a974 / _bSI52 |
||
| 100 |
_aSierra Brabatta, Carlos J. _92990 |
||
| 245 | _aCrónica de una generación / | ||
| 260 |
_aMéxico : _bComité Interno de Ediciones Gubernamentales, _c1983. |
||
| 300 |
_a189 páginas ; _bretratos, ilustraciones, _c26 cm. |
||
| 505 | _aContenido: Razones preliminares -- Raíz y tronco tradicional -- Las generaciones 1920-1924 y la de 1929 -- La generación 1940 -- Los umbrales de 52 -- El universo de la generación 52 -- Hacia la constitución de 1857 ... | ||
| 650 |
_aHistoria _9136 |
||
| 650 |
_aMéxico _918 |
||
| 650 |
_aRevolución _9844 |
||
| 650 |
_aConstitución _92117 |
||
| 700 |
_aAguirre Velásquez, Ramón (presentación) _939917 |
||
| 710 |
_aDepartamento del Distrito Federal. _912486 |
||
| 710 |
_aDirección General de Información, Análisis Estadístico. _939918 |
||
| 942 |
_2ddc _cLIBROS |
||
| 945 |
_aachl _d2019-05-16 |
||